00441pab a2200157 454500008004000000100001700040245006700057260000900124300001400133362000800147650003700155650003200192650001500224650002000239773002400259180718b2002 xxu||||| |||| 00| 0 eng d aChand, Himal aGrowth and determinants of rural non-farm employment in Punjab c2002 ap.98-112. aJun aEconomic growth - India - Punjab aEmployment - India - Punjab aEmployment aEconomic growth aMan and Development